000 00608nam a2200193Ia 4500
003 GCL
008 140319s9999 xx 000 0 ara d
040 _aGCL /
_cGCL
082 0 4 _a701.18
_bع ت
100 1 _aعزالدين نجيب
245 1 0 _aالتوجه الاجتماعى للفنان المصرى المعاصر /
_cعزالدين نجيب
300 _a183 ص
490 _aالهيئة العامة للاستعلامات
_v0
650 0 4 _aالفن
650 0 4 _aالتذوق الفنى
650 0 4 _aالفن والمجتمع
650 0 4 _aالفن - تاريخ ونقد
942 _2ddc
_cBK
999 _c52193
_d52193